000 01436cad a22002535a 4500
001 E147969
008 090707s2009 xxk f s000 0 eng d
020 _a9780755990566
035 _a(Sirsi) u147969
041 0 _aeng
050 0 4 _a306.1 $2 18
110 2 _aScotland
_bScottish Government
_95344
245 0 0 _aPrivate housing issues
_bHousing Bill consultation
_h[electronic resource]
260 _aEdinbugh
_bScottish Government
_c2009
505 2 _aForeword -- Introduction -- Part 1, landlord registration -- Part 2, licensing of houses in multiple occupation -- Part 3, matters arising from implementation of local authority powers in the Housing (Scotland) Act 2006 -- Annex A, draft Equality Impact Assessment -- Respondent information form -- Questionnaire
520 _aSeeks views on the Scottish Government's proposals to include some measures relating to private housing in the Housing (Scotland) Bill. Issues discussed include landlord registration; HMO licensing; and powers for local authorities to deal with disrepair. Deadline for comments is 27 September 2009.
521 _aAdvanced
590 _aKA
650 2 4 _aHOUSING (SCOTLAND) BILL
651 4 _aScotland
_y1999-
690 _aPROPERTY-RESIDENTIAL PROPERTY-DOMESTIC RESIDENTIAL PROPERTY-HOUSING
856 4 0 _uhttps://www.scotland.gov.uk/Publications/2009/07/06160610/0
_zView the consultation free of charge at www.scotland.gov.uk...
942 _n0
999 _c109820
_d109820